Charles le téméraire. Un temps de chien: Roman

Shranjeno v:
Bibliografske podrobnosti
Glavni avtor: Beauchemin, Yves
Format: Knjiga
Jezik:Undetermined
Izdano: Quebec, Canadá Fides 2004
Teme:
Oznake: Označite
Brez oznak, prvi označite!

MARC

LEADER 00000nam a2200000Ia 4500
008 170316s9999 xx 000 0 und d
040 |a cru BVZT 
090 |a 818 B-2.1c 
100 |a Beauchemin, Yves 
245 |a Charles le téméraire. Un temps de chien: Roman 
260 |a Quebec, Canadá 
260 |b Fides 
260 |c 2004 
300 |a 684 páginas 
650 |a LITERATURA CANADIENSE 
650 |a NOVELA 
999 |c 6360  |d 6360 
942 |c 15 D  |h 818 B-2.1c  |2 z